000 00627nam a2200157Ia 4500
008 100122s9999 xx 000 0 und d
082 _b77074
_a926.1
100 _aगवाणकर वीणा
245 _aरोझलिंड फ्रँकलीन- द डार्क लेडी ऑफ डीएनए
250 _a1
260 _c2009
300 _a143
630 _aरोझलिंड फ्रँकलीन- द डार्क लेडी ऑफ डीएनए
730 _aरोझलिंड फ्रँकलीन- द डार्क लेडी ऑफ डीएनए
942 _cBOOK
999 _c394028
_d394025